00473nam a22001697a 450000500170000001000150001702000110003203500140004303700130005708200110007010000190008124500830010026000480018327000380023130000200026970000140028920200617162401.0 aENG-128206 c150.00 aEN-111738 bDBAD/PUB a150.00 aPatel,Mohanlal aChhaganbha/ba pole star of wisdom:cby Mohanlal Patel;transleted by Nila Shah akadibSarva vidyalaya kelavani Mandalc2015 aVallabhbhai M.PatelbKadie382715 a151p.c23cm(hb) aShah,Nila